[Event "Game 1501 - Rated game, 10m + 0s"]
[Site "Main Playing Hall"]
[Date "2003.07.12"]
[Round "?"]
[White "Thelonious"]
[Black "kmreese"]
[Result "1-0"]
[WhiteElo "1378"]
[BlackElo "1423"]
[Annotator "Black - Time"]
[PlyCount "83"]
[EventDate "2003.??.??"]

1. e4 c5 2. Nf3 d6 3. d4 Nf6 4. Nc3 cxd4
5. Qxd4 e5 6. Qd3 Nc6 7. Bg5 Nb4 8. Qd2 Be7
9. a3 Qa5 10. Bxf6 gxf6 11. Bb5+ Kf8 12. O-O Rg8
13. axb4 Qb6 14. Bc4 Bh3 15. g3 Bxf1 16. Bxf1 Qxb4
17. Rb1 Rd8 18. Qh6+ Rg7 19. Nd5 Qxe4 20. Nxe7 Qxf3
21. Nf5 Qxf5 22. Bh3 Qxc2 23. Re1 f5 24. Bg2 Qxb2
25. Bh3 Rc8 26. Qxd6+ Kg8 27. Bxf5 Re8 28. Qh6 a5
29. Bxh7+ Rxh7 30. Qg5+ Rg7 31. Qf6 a4 32. Kg2 a3
33. h4 a2 34. h5 a1=Q 35. Rxa1 Qxa1 36. h6 Rxg3+
37. Kxg3 Qg1+ 38. Kf3 e4+ 39. Ke3 Qe1+ 40. Kf4 Qd2+
41. Kf5 Qd5+ 42. Kg4 {Black - Time} 1-0

[Event "Game 1502 - Rated game, 10m + 0s"]
[Site "Main Playing Hall"]
[Date "2003.07.12"]
[Round "?"]
[White "kmreese"]
[Black "Thelonious"]
[Result "0-1"]
[WhiteElo "1403"]
[BlackElo "1419"]
[Annotator "White - Resign"]
[PlyCount "42"]
[EventDate "2003.??.??"]

1. e4 e5 2. Nf3 Nc6 3. Bc4 Nd4 4. Nxe5 Qg5
5. Nxf7 Qxg2 6. Qh5 Qxh1+ 7. Bf1 Qxe4+ 8. Kd1 Qxc2+
9. Ke1 Qxc1+ 10. Qd1 Qxd1+ 11. Kxd1 Kxf7 12. Bc4+ Ke8
13. Nc3 c6 14. Ne4 d5 15. Ng5 dxc4 16. d3 cxd3
17. Kd2 h6 18. Re1+ Ne7 19. Ne4 Nf3+ 20. Kd1 Nxe1
21. Kxe1 Nd5 {White - Resign} 0-1

[Event "Game 1503 - Rated game, 10m + 7s"]
[Site "Main Playing Hall"]
[Date "2003.07.13"]
[Round "?"]
[White "kmreese"]
[Black "patovolador"]
[Result "0-1"]
[WhiteElo "1386"]
[BlackElo "1277"]
[PlyCount "106"]
[EventDate "2003.??.??"]

1. e4 e5 2. Nf3 Nc6 3. Bc4 h6 4. Nc3 Nf6
5. O-O Nxe4 6. Nxe4 d5 7. Bxd5 Qxd5 8. Nc3 Qd8
9. d4 exd4 10. Re1+ Be7 11. Nb5 O-O 12. Bf4 Bd6
13. Bxd6 cxd6 14. Nfxd4 a6 15. Nxc6 bxc6 16. Nd4 c5
17. Nb3 Bb7 18. Qd3 Qf6 19. Na5 Rab8 20. Rad1 Rfd8
21. Nxb7 Rxb7 22. Qxa6 Rbd7 23. a4 Qxb2 24. a5 Qxc2
25. Qc6 Qb2 26. a6 Qb8 27. Ra1 Qa7 28. Red1 Qc7
29. Qd5 Qa7 30. Qf5 g6 31. Qf6 c4 32. Rdc1 d5
33. Qh4 Ra8 34. Qxh6 Rd6 35. Qe3 Rxa6 36. Qxa7 R8xa7
37. Rxa6 Rxa6 38. Rd1 Rd6 39. h4 d4 40. f4 c3
41. Re1 d3 42. Kf2 d2 43. Re8+ Kg7 44. Re1 dxe1=Q+
45. Kxe1 c2 46. Kf2 c1=Q 47. Kg3 Qc3+ 48. Kh2 Rd3
49. g3 Rxg3 50. h5 Rh3+ 51. Kg2 Qf3+ 52. Kg1 Rg3+
53. Kh2 Qg2# 0-1

[Event "Game 1504 - Rated game, 10m + 1s"]
[Site "Main Playing Hall"]
[Date "2003.07.14"]
[Round "?"]
[White "amtm"]
[Black "kmreese"]
[Result "0-1"]
[WhiteElo "1301"]
[BlackElo "1362"]
[Annotator "White - Resign"]
[PlyCount "44"]
[EventDate "2003.??.??"]

1. e4 c5 2. e5 Nc6 3. f4 e6 4. Nf3 f5
5. c4 d6 6. d4 dxe5 7. dxe5 Qb6 8. Qa4 Bd7
9. Nc3 Nd4 10. Nb5 a6 11. Nd6+ Bxd6 12. Qa3 Nc2+
13. Kf2 Nxa3 14. bxa3 Bc7 15. Bd3 Bc6 16. Rb1 Qa5
17. Ng5 O-O-O 18. Nxe6 Rxd3 19. Nxg7 Nh6 20. h3 Qc3
21. Bb2 Rd2+ 22. Ke1 Rxb2+ {White - Resign} 0-1

[Event "Game 1505 - Rated game, 15m + 3s"]
[Site "Main Playing Hall"]
[Date "2003.07.14"]
[Round "?"]
[White "kmreese"]
[Black "Agamennone"]
[Result "1-0"]
[WhiteElo "1328"]
[BlackElo "1666"]
[Annotator "Black - Resign"]
[PlyCount "57"]
[EventDate "2003.??.??"]

1. e4 c5 2. f4 d6 3. Nf3 Nc6 4. Bc4 h6
5. Nc3 e6 6. f5 Nd4 7. fxe6 Nxe6 8. d3 Be7
9. Nd5 Bd7 10. e5 dxe5 11. Nxe5 Nf6 12. O-O O-O
13. Bxh6 Nxd5 14. Bxd5 Bf6 15. Ng4 Bg5 16. Bxg5 Nxg5
17. Bxb7 Rb8 18. Bd5 Bxg4 19. Qxg4 Qxd5 20. Rf5 Qe6
21. Qxg5 Rxb2 22. Raf1 Rxc2 23. Rf6 Qe7 24. h4 Rxa2
25. h5 Kh8 26. Rh6+ gxh6 27. Qxe7 Rg8 28. Qe5+ Kh7
29. Rxf7+ {Black - Resign} 1-0

[Event "Game 1506 - Friendly Game, 15m + 0s"]
[Site "Main Playing Hall"]
[Date "2003.07.14"]
[Round "?"]
[White "Agamennone"]
[Black "kmreese"]
[Result "1-0"]
[WhiteElo "1401"]
[BlackElo "1377"]
[Annotator "Black - Time"]
[PlyCount "153"]
[EventDate "2003.??.??"]

1. e4 c5 2. Nf3 d6 3. d4 Nf6 4. Bd3 Bg4
5. dxc5 Bxf3 6. Qxf3 dxc5 7. Be3 e5 8. O-O Nc6
9. Rd1 Bd6 10. a3 g5 11. Bxg5 Nd4 12. Qe3 Nxc2
13. Bxc2 Be7 14. Rxd8+ Rxd8 15. Nc3 Rg8 16. Bxf6 Bxf6
17. Qxc5 Bh4 18. Qxe5+ Kf8 19. Qc5+ Ke8 20. Nd5 Rd7
21. Qc8+ Rd8 22. Ba4+ Kf8 23. Qxd8+ Bxd8 24. Rd1 Kg7
25. Bd7 Bh4 26. Ne3 Kf6 27. Rd6+ Ke5 28. Rh6 Bg5
29. Rh5 h6 30. f4+ Kxf4 31. Nd5+ Kxe4 32. Nc3+ Kd4
33. Nb5+ Kc5 34. Nxa7 f5 35. h4 Be3+ 36. Kf1 Rd8
37. Rxf5+ Kb6 38. Nc8+ Kc7 39. Be6 Rd1+ 40. Ke2 Rd2+
41. Kxe3 Rxg2 42. Rc5+ Kb8 43. Nd6 Rxb2 44. Nb5 b6
45. Rc6 Rxb5 46. Bd5 Rxd5 47. Rxb6+ Kc7 48. Rxh6 Ra5
49. Rh7+ Kb6 50. Rh6+ Kb7 51. Rh7+ Kb6 52. Kf4 Rxa3
53. Rh6+ Kc7 54. Rh7+ Kd6 55. Kg5 Ke6 56. Rh6+ Kf7
57. Rh7+ Ke6 58. h5 Ra5+ 59. Kg6 Ra6 60. Rh6 Ke7+
61. Kg7 Ra3 62. Rf6 Rg3+ 63. Rg6 Rf3 64. Kh7 Kf7
65. h6 Re3 66. Rg7+ Kf8 67. Rg8+ Kf7 68. Rg7+ Kf6
69. Rg6+ Kf7 70. Rg4 Re8 71. Rf4+ Ke7 72. Kg7 Kd7
73. h7 Re7+ 74. Rf7 Rxf7+ 75. Kxf7 Kd6 76. h8=Q Kd5
77. Ke7 {Black - Time} 1-0

[Event "Game 1507 - Rated game, 35m + 0s"]
[Site "Main Playing Hall"]
[Date "2003.07.15"]
[Round "?"]
[White "mikys"]
[Black "kmreese"]
[Result "0-1"]
[WhiteElo "1340"]
[BlackElo "1423"]
[PlyCount "78"]
[EventDate "2003.??.??"]

1. d4 Nf6 2. c4 d5 3. Nf3 dxc4 4. Nc3 c6
5. Bf4 e6 6. e3 Na6 7. Bxc4 Nb4 8. O-O b5
9. Bb3 a5 10. a3 Nbd5 11. Bc2 b4 12. Nxd5 exd5
13. a4 Ba6 14. Re1 Nh5 15. Bg5 f6 16. Bh4 g5
17. Nxg5 fxg5 18. Qxh5+ Kd7 19. Bxg5 Be7 20. Bf5+ Kc7
21. Bf4+ Kb6 22. b3 Ra7 23. Rac1 Bd6 24. Bg5 Qf8
25. Bg4 Rg8 26. Bh6 Qe7 27. Be2 Bc8 28. Bf4 Qe4
29. Bf3 Qe6 30. Qh6 Rg6 31. Qh5 h6 32. h3 Rag7
33. g4 Be7 34. Re2 Bg5 35. Bg3 Qf6 36. Kg2 Rf7
37. Bxd5 cxd5 38. Rxc8 Qf3+ 39. Kf1 Qh1# 0-1

[Event "Game 1511 - Rated game, 30m + 5s"]
[Site "Main Playing Hall"]
[Date "2003.07.17"]
[Round "?"]
[White "kmreese"]
[Black "Falcon4"]
[Result "1-0"]
[WhiteElo "1461"]
[BlackElo "1315"]
[PlyCount "31"]
[EventDate "2003.??.??"]

1. e4 e5 2. Nf3 Nc6 3. Bc4 Be7 4. d3 Bb4+
5. c3 Be7 6. O-O Nf6 7. Bxf7+ Kxf7 8. Ng5+ Ke8
9. f4 Ng8 10. fxe5 Nxe5 11. Bf4 Bxg5 12. Qh5+ g6
13. Bxg5 Ne7 14. Qh6 Nf7 15. Qg7 Rg8 16. Qxf7# 1-0

[Event "Game 1512 - Rated game, 30m + 5s"]
[Site "Main Playing Hall"]
[Date "2003.07.18"]
[Round "?"]
[White "Falcon4"]
[Black "kmreese"]
[Result "0-1"]
[WhiteElo "1305"]
[BlackElo "1490"]
[PlyCount "68"]
[EventDate "2003.??.??"]

1. e4 c5 2. Nf3 d6 3. d4 Nc6 4. c3 Nf6
5. Nbd2 d5 6. Bd3 dxe4 7. Nxe4 cxd4 8. cxd4 Nxd4
9. Nxd4 Qxd4 10. Bb5+ Qd7 11. Bxd7+ Bxd7 12. Nxf6+ gxf6
13. Bf4 e5 14. Be3 Bb4+ 15. Bd2 a5 16. Bxb4 axb4
17. a4 Rd8 18. Qf3 Bc6 19. Qxf6 Rg8 20. Qxe5+ Kf8
21. O-O Rxg2+ 22. Kh1 Rg5+ 23. f3 Rxe5 24. Kg1 f5
25. f4 Rd6 26. Rfc1 Rg6+ 27. Kf1 Re4 28. a5 Rxf4+
29. Ke1 Re6+ 30. Kd1 Bf3+ 31. Kc2 Re2+ 32. Kb1 b3
33. a6 Be4+ 34. Rc2 Rf1# 0-1

[Event "Game 1514 - Friendly Game, 10m + 0s"]
[Site "Main Playing Hall"]
[Date "2003.07.19"]
[Round "?"]
[White "Langey"]
[Black "kmreese"]
[Result "0-1"]
[WhiteElo "1326"]
[BlackElo "1377"]
[PlyCount "100"]
[EventDate "2003.??.??"]

1. e4 c5 2. Nf3 d6 3. Bb5+ Bd7 4. Bxd7+ Nxd7
5. O-O Ngf6 6. Re1 e5 7. c3 c4 8. d3 Rc8
9. dxc4 Rxc4 10. Na3 Rxe4 11. Rxe4 Nxe4 12. Bg5 f6
13. Be3 Be7 14. Bxa7 Qa5 15. Be3 O-O 16. Qb3+ d5
17. Qxb7 Rd8 18. c4 d4 19. Qxe4 dxe3 20. Qxe3 Bc5
21. Qd3 e4 22. Qxe4 f5 23. Qxf5 Bxf2+ 24. Kxf2 Qxf5
25. Rd1 Qc5+ 26. Kg3 Kf7 27. Rd4 h5 28. Ng5+ Qxg5+
29. Kf3 Ne5+ 30. Ke4 Rxd4+ 31. Kxd4 Nc6+ 32. Kc3 Qxg2
33. b4 Qf3+ 34. Kb2 Nxb4 35. c5 h4 36. Nc2 Nd3+
37. Kb3 Nxc5+ 38. Kb4 Qf2 39. Ka3 h3 40. Nb4 Qe3+
41. Kb2 Na4+ 42. Kc2 Qc3+ 43. Kd1 Nb2+ 44. Ke2 Qxb4
45. Kf3 Nc4 46. Kg3 Qc3+ 47. Kg4 Ne3+ 48. Kxh3 Nf5+
49. Kg4 g6 50. h4 Qg3# 0-1

[Event "Game 1515 - Rated game, 15m + 0s"]
[Site "Main Playing Hall"]
[Date "2003.07.19"]
[Round "?"]
[White "kmreese"]
[Black "joculi"]
[Result "1/2-1/2"]
[WhiteElo "1377"]
[BlackElo "1232"]
[Annotator "Draw - Insufficient Material"]
[PlyCount "151"]
[EventDate "2003.??.??"]

1. e4 c6 2. d4 d5 3. e5 Bf5 4. Nf3 e6
5. Ng5 Be7 6. h4 h6 7. Nxe6 fxe6 8. Bd3 Bxd3
9. Qxd3 Qb6 10. Qg6+ Kf8 11. Qxe6 c5 12. Qc8+ Kf7
13. e6+ Kf6 14. g4 Qxe6+ 15. Qxe6+ Kxe6 16. dxc5 Nf6
17. Nc3 Bxc5 18. g5 Ng4 19. Rf1 h5 20. Nb5 Bd6
21. Be3 Nc6 22. O-O-O a6 23. Nd4+ Nxd4 24. Bxd4 Rhg8
25. Rfe1+ Kd7 26. Bb6 Kc6 27. Ba5 Nxf2 28. Rd4 Ne4
29. Red1 Nf2 30. Re1 Rae8 31. Rxe8 Rxe8 32. c4 Kc5
33. Rxd5+ Kxc4 34. Rxd6 Re1+ 35. Kc2 Re2+ 36. Kc1 Nd3+
37. Kd1 Rxb2 38. a4 Ra2 39. g6 Rxa4 40. Rd7 Rxa5
41. Rxg7 Ra1+ 42. Ke2 Ne5 43. Rc7+ Kd4 44. g7 Ra2+
45. Kf1 Ra1+ 46. Kg2 Ra2+ 47. Kf1 Ra1+ 48. Ke2 Ra2+
49. Kd1 Rg2 50. Rxb7 Kd3 51. Rb3+ Kc4 52. Rb7 Kc3
53. Rc7+ Kd3 54. Ke1 Ke3 55. Kf1 Rg3 56. Rc3+ Nd3
57. Rc7 Rg4 58. Re7+ Kf3 59. Rf7+ Kg3 60. Ke2 Ne5
61. Re7 Nf3 62. Ke3 Nxh4 63. Ke2 Nf5 64. g8=Q Rxg8
65. Re6 h4 66. Rb6 h3 67. Rxa6 h2 68. Ra1 Kg2
69. Rf1 h1=Q 70. Rxh1 Kxh1 71. Kd3 Re8 72. Kc4 Rd8
73. Kc5 Kg2 74. Kc6 Kf3 75. Kc7 Ke4 76. Kxd8 { Draw - Insufficient Material}  
1/2-1/2

[Event "Game 1516 - Rated game, 10m + 0s"]
[Site "Main Playing Hall"]
[Date "2003.07.19"]
[Round "?"]
[White "Mazza Maurizio"]
[Black "kmreese"]
[Result "0-1"]
[WhiteElo "1342"]
[BlackElo "1370"]
[PlyCount "74"]
[EventDate "2003.??.??"]

1. e4 e5 2. Nf3 d6 3. d4 Nc6 4. dxe5 dxe5
5. Qxd8+ Kxd8 6. Bb5 Bg4 7. Ng5 Nd4 8. Ba4 Bh5
9. Be3 b5 10. Bb3 Nc6 11. Bxf7 g6 12. Bd5 Nge7
13. Nf7+ Ke8 14. Nxh8 Nxd5 15. exd5 Nb4 16. Na3 Rd8
17. O-O Rxd5 18. Nxg6 hxg6 19. Bxa7 Nc6 20. Be3 b4
21. Nc4 b3 22. axb3 Nb4 23. Ra8+ Kf7 24. f3 Nxc2
25. Bg5 Bc5+ 26. Kh1 Bf2 27. g4 Ne3 28. gxh5 Nxf1
29. Kg2 Bc5 30. Kxf1 e4 31. h6 Rxg5 32. h7 Rg1+
33. Ke2 Rg2+ 34. Kf1 Rf2+ 35. Kg1 exf3 36. h8=Q Rg2+
37. Kh1 Rg1# 0-1

[Event "Game 1517 - Rated game, 10m + 0s"]
[Site "Main Playing Hall"]
[Date "2003.07.19"]
[Round "?"]
[White "kmreese"]
[Black "MishaTal"]
[Result "0-1"]
[WhiteElo "1386"]
[BlackElo "1226"]
[Annotator "White - Time"]
[PlyCount "64"]
[EventDate "2003.??.??"]

1. e4 e5 2. Nf3 Nc6 3. Bc4 Be7 4. d3 Nf6
5. Ng5 O-O 6. f4 d6 7. f5 g6 8. O-O Nd4
9. fxg6 hxg6 10. c3 Bg4 11. Qe1 Nc6 12. Qh4 Bh5
13. d4 a6 14. Be2 Bxe2 15. Rxf6 Bh5 16. g4 Bxf6
17. gxh5 Bxg5 18. Bxg5 Qd7 19. hxg6 fxg6 20. Nd2 exd4
21. Bf6 Kf7 22. Rf1 Ke8 23. Re1 dxc3 24. bxc3 Ne5
25. h3 Qe6 26. Rf1 Kd7 27. Qh7+ Rf7 28. Qh4 Raf8
29. Nf3 Nxf3+ 30. Rxf3 Rxf6 31. e5 Rxf3 32. exd6 Rf1+ { White - Time} 0-1

[Event "Game 1518 - Rated game, 10m + 0s"]
[Site "Main Playing Hall"]
[Date "2003.07.19"]
[Round "?"]
[White "MishaTal"]
[Black "kmreese"]
[Result "1-0"]
[WhiteElo "1265"]
[BlackElo "1361"]
[Annotator "Black - Resign"]
[PlyCount "53"]
[EventDate "2003.??.??"]

1. d4 d5 2. g3 Nf6 3. Bg2 Nc6 4. Nf3 Bf5
5. Nc3 Ne4 6. Nxe4 Bxe4 7. O-O Nb4 8. Ne5 Nxc2
9. e3 Nxa1 10. Bxe4 dxe4 11. b3 f6 12. Qh5+ g6
13. Nxg6 hxg6 14. Qxh8 Nc2 15. Qh7 Nb4 16. Qxg6+ Kd7
17. Qf5+ Ke8 18. Qg6+ Kd7 19. Qf5+ e6 20. Qxe4 Nxa2
21. d5 exd5 22. Qxd5+ Bd6 23. Ba3 Nc3 24. Qf7+ Kc8
25. Bxd6 cxd6 26. Rc1 Qc7 27. Qe8+ {Black - Resign} 1-0

[Event "Game 1519 - Rated game, 10m + 2s"]
[Site "Beginners"]
[Date "2003.07.19"]
[Round "?"]
[White "kmreese"]
[Black "Wolla"]
[Result "1-0"]
[WhiteElo "1338"]
[BlackElo "1311"]
[PlyCount "31"]
[EventDate "2003.??.??"]

1. e4 d5 2. f4 dxe4 3. Nc3 Nf6 4. d3 Qd4
5. Nb5 Qc5 6. c4 exd3 7. Bxd3 g6 8. Bd2 Bg7
9. b4 Qb6 10. c5 Qe6+ 11. Ne2 Qd5 12. Nxc7+ Kf8
13. Nxd5 Nxd5 14. O-O Bxa1 15. Qxa1 Bg4 16. Qxh8# 1-0

[Event "Game 1520 - Rated game, 10m + 2s"]
[Site "Beginners"]
[Date "2003.07.19"]
[Round "?"]
[White "Wolla"]
[Black "kmreese"]
[Result "0-1"]
[WhiteElo "1294"]
[BlackElo "1354"]
[Annotator "White - Resign"]
[PlyCount "60"]
[EventDate "2003.??.??"]

1. e4 c5 2. g3 d5 3. exd5 Qxd5 4. Bg2 Qxg2
5. Qf3 Qxf3 6. Nxf3 Bg4 7. Ne5 Bh3 8. Nc3 Nf6
9. Nb5 Na6 10. d3 Nd5 11. Bf4 Rd8 12. Nf3 Nab4
13. O-O-O Bg2 14. Nc7+ Nxc7 15. Bxc7 Rc8 16. Rhe1 Bxf3
17. Rd2 Rxc7 18. a3 Nd5 19. d4 c4 20. Re5 Rd7
21. b3 cxb3 22. cxb3 Rc7+ 23. Kb2 Nc3 24. d5 e6
25. dxe6 f6 26. Re3 Nd1+ 27. Ka2 Nxe3 28. fxe3 Bc5
29. Rd3 O-O 30. Rd5 Bxd5 {White - Resign} 0-1

[Event "Game 1523 - Rated game, 10m + 0s"]
[Site "Beginners"]
[Date "2003.07.20"]
[Round "?"]
[White "kmreese"]
[Black "sardy"]
[Result "0-1"]
[WhiteElo "1369"]
[BlackElo "1419"]
[Annotator "White - Resign"]
[PlyCount "46"]
[EventDate "2003.??.??"]

1. e4 e5 2. Nf3 d6 3. Bc4 Qe7 4. d4 Be6
5. d5 Bd7 6. Nc3 f5 7. O-O fxe4 8. Nxe4 Bf5
9. Bg5 Qd7 10. a4 Bxe4 11. Bb5 c6 12. dxc6 bxc6
13. Nxe5 dxe5 14. Qxd7+ Nxd7 15. Bxc6 Bxc6 16. Rfd1 h6
17. Be3 Be7 18. c4 Ngf6 19. b4 Bxb4 20. Rd3 Bc5
21. Bxc5 Nxc5 22. Re3 e4 23. f3 O-O {White - Resign} 0-1

[Event "Game 1525 - Rated game, 10m + 0s"]
[Site "Beginners"]
[Date "2003.07.20"]
[Round "?"]
[White "kmreese"]
[Black "SimonGeorges"]
[Result "1-0"]
[WhiteElo "1354"]
[BlackElo "1277"]
[Annotator "Black - Resign"]
[PlyCount "55"]
[EventDate "2003.??.??"]

1. e4 c6 2. d4 d5 3. Nc3 dxe4 4. Nxe4 Nd7
5. Nf3 Ngf6 6. Bd3 e6 7. Bg5 Qb6 8. O-O Be7
9. Be3 O-O 10. Ne5 Nxe4 11. Bxe4 Nxe5 12. dxe5 Bc5
13. Qh5 g6 14. Qh3 f5 15. Bd3 Qxb2 16. Bxc5 Qxe5
17. Bxf8 Kxf8 18. Qh6+ Qg7 19. Qh4 b6 20. g4 f4
21. Qd8+ Kf7 22. Rae1 Qf8 23. Qc7+ Qe7 24. Qxf4+ Ke8
25. Bc4 b5 26. Bb3 a5 27. Qe4 a4 28. Qxc6+ {Black - Resign} 1-0

[Event "Game 1527 - Rated game, 25m + 2s"]
[Site "Main Playing Hall"]
[Date "2003.07.21"]
[Round "?"]
[White "kmreese"]
[Black "Agamennone"]
[Result "0-1"]
[WhiteElo "1512"]
[BlackElo "1554"]
[PlyCount "74"]
[EventDate "2003.??.??"]

1. e4 c5 2. f4 Nc6 3. Nf3 d6 4. f5 Bd7
5. Bc4 a6 6. d3 Nf6 7. Bxf7+ Kxf7 8. Ng5+ Kg8
9. Bf4 h6 10. Nf3 e6 11. fxe6 Bxe6 12. e5 Nd5
13. exd6 Nxf4 14. O-O Bxd6 15. g3 Nh3+ 16. Kh1 Kh7
17. Nh4 Rf8 18. Kg2 Rxf1 19. Qxf1 Qd7 20. Nd2 Bd5+
21. Ne4 Rf8 22. Nf3 Nd4 23. Nxd6 Qxd6 24. Kxh3 Nxf3
25. Qe2 Ng5+ 26. Kh4 Nf3+ 27. Kh3 Qd7+ 28. g4 Ng1+
29. Rxg1 Bf3 30. Qe3 Qc8 31. d4 c4 32. b3 b5
33. Kh4 Bd5 34. Kh5 Qc6 35. g5 Qg6+ 36. Kh4 Rf5
37. gxh6 Rh5# 0-1

[Event "Game 1528 - Rated game, 25m + 2s"]
[Site "Main Playing Hall"]
[Date "2003.07.21"]
[Round "?"]
[White "Agamennone"]
[Black "kmreese"]
[Result "0-1"]
[WhiteElo "1570"]
[BlackElo "1477"]
[Annotator "White - Resign"]
[PlyCount "44"]
[EventDate "2003.??.??"]

1. e4 c5 2. Nf3 d6 3. d4 e5 4. dxe5 Nc6
5. exd6 Bxd6 6. Bb5 Nge7 7. c3 O-O 8. O-O f5
9. Re1 fxe4 10. Rxe4 Bxh2+ 11. Nxh2 Qxd1+ 12. Nf1 Qxc1
13. Bd3 Qg5 14. Nbd2 Bh3 15. g3 Bxf1 16. Nxf1 Ne5
17. Bc2 Nf3+ 18. Kg2 Qh5 19. Rxe7 Nh4+ 20. Kg1 Qf3
21. gxh4 Qxf2+ 22. Kh1 Qxc2 {White - Resign} 0-1

[Event "Game 1530 - Rated game, 30m + 0s"]
[Site "Main Playing Hall"]
[Date "2003.07.22"]
[Round "?"]
[White "kmreese"]
[Black "s.z."]
[Result "0-1"]
[WhiteElo "1522"]
[BlackElo "1454"]
[Annotator "White - Resign"]
[PlyCount "61"]
[EventDate "2003.??.??"]

1. e4 d5 2. f4 dxe4 3. Nc3 f5 4. d3 exd3
5. cxd3 e6 6. Nf3 Qh4+ 7. g3 Qf6 8. Ne5 Qe7
9. g4 g6 10. gxf5 exf5 11. d4 Bd7 12. Bc4 Nc6
13. Bf7+ Kd8 14. O-O Nxe5 15. dxe5 Qxf7 16. Re1 Kc8
17. Nd5 Be6 18. Nb4 Bxb4 19. Bd2 Bc5+ 20. Be3 b6
21. Rc1 Bb4 22. Re2 Bxa2 23. Rec2 c5 24. Qd6 Qe7
25. Qc6+ Qc7 26. Qxa8+ Qb8 27. Qd5 Bxd5 28. Rd1 Be4
29. Rc4 Ne7 30. e6 Nd5 31. Re1 {White - Resign} 0-1

[Event "Game 1532 - Rated game, 10m + 6s"]
[Site "Beginners"]
[Date "2003.07.22"]
[Round "?"]
[White "kmreese"]
[Black "slamit"]
[Result "1-0"]
[WhiteElo "1381"]
[BlackElo "1175"]
[Annotator "Black - Time"]
[PlyCount "63"]
[EventDate "2003.??.??"]

1. e4 e5 2. Nf3 Nc6 3. Bc4 Nh6 4. d3 Bc5
5. Ng5 O-O 6. Nc3 Qf6 7. O-O d6 8. Nb5 Bg4
9. Qe1 Nd4 10. Nxd4 Bxd4 11. h3 Bxh3 12. gxh3 Qg6
13. c3 Bc5 14. b4 Bb6 15. Kh1 d5 16. exd5 Rad8
17. Rg1 f6 18. Ne6 Qf5 19. Rxg7+ Kh8 20. Nxd8 Kxg7
21. Ne6+ Kf7 22. Bxh6 Qxh3+ 23. Kg1 Rg8+ 24. Bg7 Qg4+
25. Kf1 Qh3+ 26. Ke2 Qf5 27. f3 Qh3 28. d6 Qg2+
29. Kd1 Bf2 30. Nxc7+ Kxg7 31. Ne6+ Kh8 32. Qd2 { Black - Time} 1-0

[Event "Game 1534 - Rated game, 10m + 0s"]
[Site "Main Playing Hall"]
[Date "2003.07.23"]
[Round "?"]
[White "Spinner-GM-"]
[Black "kmreese"]
[Result "0-1"]
[WhiteElo "1169"]
[BlackElo "1389"]
[PlyCount "46"]
[EventDate "2003.??.??"]

1. e4 c5 2. d3 d5 3. Nc3 d4 4. Nce2 e5
5. Nf3 Nc6 6. g3 Nf6 7. Bg5 h6 8. Bxf6 Qxf6
9. Bg2 c4 10. dxc4 Bb4+ 11. c3 dxc3 12. bxc3 Bc5
13. O-O Bg4 14. Kh1 Rd8 15. Qb3 Bxf3 16. Rad1 Rxd1
17. Rxd1 Bxg2+ 18. Kxg2 Qxf2+ 19. Kh3 Qxe2 20. Rd6 g5
21. Qxb7 Bxd6 22. Qc8+ Nd8 23. Qg4 Qf1# 0-1

[Event "Game 1535 - Rated game, 15m + 0s"]
[Site "Main Playing Hall"]
[Date "2003.07.23"]
[Round "?"]
[White "kmreese"]
[Black "partsrecycler"]
[Result "0-1"]
[WhiteElo "1397"]
[BlackElo "1111"]
[PlyCount "42"]
[EventDate "2003.??.??"]

1. e4 c5 2. f4 Nc6 3. f5 Nf6 4. Nc3 e5
5. Nf3 g5 6. Nxg5 Bh6 7. d3 Rg8 8. h4 Nd4
9. Be3 d5 10. exd5 Bxf5 11. d6 Ng4 12. Nd5 Qxd6
13. Nxf7 Qxd5 14. Nxh6 Nxh6 15. Bxh6 e4 16. Qh5+ Kd7
17. g4 Nxc2+ 18. Kf2 Qd4+ 19. Kg3 Rxg4+ 20. Kh2 Qf2+
21. Bg2 Qxg2# 0-1

[Event "Game 1536 - Rated game, 35m + 0s"]
[Site "Beginners"]
[Date "2003.07.24"]
[Round "?"]
[White "Holly"]
[Black "kmreese"]
[Result "1/2-1/2"]
[WhiteElo "1678"]
[BlackElo "1484"]
[Annotator "Black  - Accepted Draw"]
[PlyCount "61"]
[EventDate "2003.??.??"]

1. g3 d5 2. e3 e5 3. b3 Nc6 4. a3 Nf6
5. Bg2 e4 6. Bb2 d4 7. h3 d3 8. cxd3 exd3
9. Nf3 Bd6 10. Nc3 O-O 11. Qb1 Bf5 12. g4 Bg6
13. h4 Nxg4 14. h5 Bf5 15. h6 Nxh6 16. Nh4 Qg5
17. Nxf5 Nxf5 18. Bf1 Rae8 19. Kd1 Ne5 20. Bxd3 Nxd3
21. Qxd3 c5 22. Ne4 Qg4+ 23. Ke1 Qf3 24. Rg1 Be5
25. Bxe5 Rxe5 26. Qe2 Qxe4 27. d3 Qd5 28. Rc1 Qxb3
29. e4 Nd4 30. Kd2 Qb2+ 31. Rc2 {Black - Accepted Draw} 1/2-1/2

[Event "Game 1537 - Rated game, 13m + 2s"]
[Site "Main Playing Hall"]
[Date "2003.07.24"]
[Round "?"]
[White "grumpy"]
[Black "kmreese"]
[Result "1-0"]
[WhiteElo "1252"]
[BlackElo "1367"]
[Annotator "Black - Resign"]
[PlyCount "27"]
[EventDate "2003.??.??"]

1. d4 d5 2. c4 Nf6 3. e3 c6 4. h3 dxc4
5. Bxc4 e6 6. a3 Ne4 7. Nc3 b5 8. Ba2 Bxa3
9. Nxe4 Bb4+ 10. Bd2 Qa5 11. Bb3 f5 12. Rxa5 Bxa5
13. Nd6+ Kd8 14. Nf7+ { Black - Resign} 1-0

[Event "Game 1538 - Rated game, 10m + 0s"]
[Site "Main Playing Hall"]
[Date "2003.07.25"]
[Round "?"]
[White "fidel16"]
[Black "kmreese"]
[Result "1-0"]
[WhiteElo "1161"]
[BlackElo "1343"]
[Annotator "Black - Time"]
[PlyCount "75"]
[EventDate "2003.??.??"]

1. d4 d5 2. c4 Nf6 3. Nc3 dxc4 4. e4 Bd7
5. Bxc4 e6 6. e5 Nd5 7. Bxd5 exd5 8. Nxd5 Bb5
9. Nc3 Bb4 10. a4 Bc4 11. b3 Bxc3+ 12. Bd2 Bxa1
13. bxc4 Qxd4 14. Nf3 Qe4+ 15. Be3 Bc3+ 16. Nd2 Qxg2
17. Rf1 Nc6 18. Qb3 Bxe5 19. Qxb7 O-O 20. f3 Na5
21. Qd5 Rae8 22. Qxa5 Qxh2 23. Qxa7 Bg3+ 24. Kd1 f5
25. f4 Qh5+ 26. Kc1 Ra8 27. Qxc7 Rxa4 28. Rg1 Ra1+
29. Kb2 Rxg1 30. Kc3 Qd1 31. Bxg1 Qc1+ 32. Kd3 Qxg1
33. Kc3 Qe3+ 34. Kc2 Bxf4 35. Qa5 Qe6 36. c5 Rc8
37. Nc4 Qe2+ 38. Kc3 { Black - Resign} 1-0

[Event "Game 1539 - Rated game, 11m + 2s"]
[Site "Beginners"]
[Date "2003.07.26"]
[Round "?"]
[White "kmreese"]
[Black "Mantis1"]
[Result "1-0"]
[WhiteElo "1317"]
[BlackElo "1130"]
[PlyCount "91"]
[EventDate "2003.??.??"]

1. e4 Nf6 2. d4 Nxe4 3. Nf3 d5 4. Bd3 Nd6
5. Ne5 g6 6. Qf3 c6 7. O-O f6 8. Ng4 f5
9. Nh6 Be6 10. Re1 Qa5 11. Rxe6 Nd7 12. Rxd6 Qe1+
13. Bf1 Qxc1 14. Nxf5 exd6 15. Ne3 O-O-O 16. c4 Qxb2
17. cxd5 Qxa1 18. dxc6 Qxb1 19. cxb7+ Qxb7 20. d5 Ne5
21. Qf6 Be7 22. Qe6+ Kb8 23. Nc2 Nd7 24. Qxe7 Qxd5
25. Nb4 Qd2 26. Na6+ Kb7 27. Qe4+ d5 28. Qb4+ Nb6
29. Qxd2 Rd6 30. f4 Nc4 31. Qb4+ Kxa6 32. Qxd6+ Ka5
33. Qxd5+ Kb4 34. Qxc4+ Ka3 35. Bd3 Re8 36. Qa6+ Kb2
37. Kf2 Rd8 38. Ke2 Rd4 39. a4 Rxf4 40. Qxa7 Rf6
41. Qd4+ Ka3 42. Qxf6 Kxa4 43. Qb6 h5 44. Kd2 g5
45. Kc3 g4 46. Qb4# 1-0

[Event "Game 1540 - Rated game, 10m + 2s"]
[Site "Beginners"]
[Date "2003.07.26"]
[Round "?"]
[White "kmreese"]
[Black "clue"]
[Result "1-0"]
[WhiteElo "1326"]
[BlackElo "1205"]
[PlyCount "77"]
[EventDate "2003.??.??"]

1. e4 e5 2. Nf3 Nc6 3. Bc4 Qf6 4. O-O d6
5. d3 Bg4 6. Nbd2 Nd4 7. h3 Bxf3 8. gxf3 Qg6+
9. Kh1 O-O-O 10. c3 Nc6 11. Rg1 Qf6 12. Bd5 Nge7
13. Bc4 Na5 14. Qa4 Nxc4 15. Nxc4 Nc6 16. Bg5 Qxf3+
17. Rg2 Qxh3+ 18. Kg1 f6 19. Be3 Kd7 20. Na5 b6
21. Nb7 Rb8 22. Qa6 Qf3 23. b4 Qe2 24. b5 Qb2
25. bxc6+ Ke7 26. Rc1 g5 27. f4 exf4 28. Rxb2 fxe3
29. Qxa7 Re8 30. d4 h5 31. d5 g4 32. c4 Bh6
33. Kg2 h4 34. Rf1 h3+ 35. Kg3 Rhg8 36. e5 dxe5
37. d6+ cxd6 38. Nc5+ Kf8 39. Rxf6# 1-0